Borussia Dortmund - Tous les joueurs (2020-) - Statistiques

Statistiques générales
  • Ce quiz a été pris 112 fois
  • Le résultat moyen est 29 sur 57
Statistiques - réponses
Saisons Nationalité Joueur Nb de matchs % Correct
2020- Allemagne Marco Reus 110
99%
2021- Suisse Gregor Kobel 82
96%
2020- Allemagne Mats Hummels 110
93%
2020-2022 Norvège Erling Haaland 52
91%
2020-2021, 2023- Angleterre Jadon Sancho 38
90%
2020-2023 Angleterre Jude Bellingham 92
90%
2022- Allemagne Niklas Süle 51
88%
2020-2023 Portugal Raphaël Guerreiro 77
88%
2020- Allemagne Emre Can 103
86%
2021- Pays-Bas Donyell Malen 78
85%
2023- Autriche Marcel Sabitzer 24
84%
2022- Côte d'Ivoire Sébastien Haller 33
84%
2020- Allemagne Julian Brandt 124
82%
2022- Allemagne Karim Adeyemi 44
81%
2023- Algérie Ramy Bensebaini 17
77%
2022- Norvège Julian Ryerson 37
76%
2020-2024 Belgique Thomas Meunier 56
76%
2020-2024 Belgique Thorgan Hazard 54
76%
2022- Allemagne Nico Schlotterbeck 59
75%
2020-2022 Suisse Roman Bürki 20
75%
2020- Etats-Unis Giovanni Reyna 75
74%
2020-2022 Suisse Manuel Akanji 54
71%
2023- Allemagne Niclas Füllkrug 28
68%
2021- Angleterre Jamie Bynoe-Gittens 42
67%
2020-2022 Belgique Axel Witsel 44
65%
2020-2021 France Dan-Axel Zagadou 24
62%
2022- Turquie Salih Özcan 48
62%
2023- Pays-Bas Ian Maatsen 14
60%
2020- Allemagne Youssoufa Moukoko 75
56%
2020-2022 Danemark Thomas Delaney 21
55%
2021- Allemagne Marius Wolf 72
51%
2022- Belgique Julien Duranville 3
46%
2020-2021, 2023- Espagne Mateu Morey 15
45%
2020-2022 Suisse Marwin Hitz 21
43%
2020-2021 Pologne Lukasz Piszczek 11
37%
2022- Allemagne Alexander Meyer 14
36%
2022-2023 France Anthony Modeste 19
36%
2023- Allemagne Felix Nmecha 18
35%
2020-2022 Brésil Reinier 27
35%
2020-2022 Allemagne Nico Schulz 29
30%
2020-2023 Allemagne Felix Passlack 20
25%
2020-2023 Allemagne Mahmoud Dahoud 52
25%
2021-2022 Croatie Marin Pongracic 17
24%
2022-2023 France Soumaïla Coulibaly 1
21%
2023- Allemagne Kjell Wätjen 1
15%
2020-2022 Allemagne Ansgar Knauff 9
12%
2021- Allemagne Antonios Papadopoulos 4
12%
2021-2023 Allemagne Tom Rothe 4
12%
2021-2022 Etats-Unis Lennard Maloney 2
10%
2022-2023 Croatie Marco Pasalic 1
10%
2023- Allemagne Ole Pohlmann 1
10%
2023- Allemagne Samuel Bamba 1
10%
2020-2022 Allemagne Steffen Tigges 15
8%
2021-2022 Allemagne Lion Semic 1
7%
2023-2024 Allemagne Hendry Blank 1
5%
2021-2022 Pays-Bas Immanuel Pherai 2
5%
2022-2023 Allemagne Justin Njinmah 1
5%
Aucun quiz correspondant
Distribution des résultats
% des personnes avec chaque résultat
Percentile par nombre de réponses
Votre historique - résultats
Vous n’avez pas pris ce quiz